| Tag |
First Indicator |
Second Indicator |
Subfields |
| LEADER |
00000cam a22000008a 4500 |
| 001 |
in00000015727 |
| 005 |
20151007052604.0 |
| 008 |
870804s1987 ctu b 10100 eng |
| 010 |
|
|
|a 87019377
|
| 020 |
|
|
|a 0208021981 :
|c $29.50
|
| 035 |
|
|
|a (OCoLC)16525086
|
| 035 |
|
|
|9 AAA8406AM
|
| 040 |
|
|
|a DLC
|c DLC
|d TXA
|d UtOrBLW
|
| 043 |
|
|
|a ae-----
|
| 049 |
|
|
|a TXAM
|c [A11485294]
|
| 050 |
0 |
0 |
|a DS518.1
|b .E33 1987
|
| 082 |
0 |
|
|a 355/.03305
|2 19
|
| 245 |
0 |
0 |
|a East Asia, the West and international security /
|c edited by Robert O'Neill.
|
| 263 |
|
|
|a 8712
|
| 264 |
|
1 |
|a Hamden, CT :
|b Archon Books,
|c 1987.
|
| 300 |
|
|
|a viii, 253 pages
|
| 336 |
|
|
|a text
|b txt
|2 rdacontent
|
| 337 |
|
|
|a unmediated
|b n
|2 rdamedia
|
| 338 |
|
|
|a volume
|b nc
|2 rdacarrier
|
| 490 |
1 |
|
|a International Institute for Strategic Studies conference papers
|
| 500 |
|
|
|a Papers presented to the 28th IISS Annual Conference held in Kyoto, Japan, September 8-11, 1986.
|
| 504 |
|
|
|a Includes bibliographies and index.
|
| 650 |
|
0 |
|a National security
|z East Asia
|v Congresses.
|
| 650 |
|
0 |
|a Security, International
|v Congresses.
|
| 700 |
1 |
|
|a O'Neill, Robert John.
|
| 711 |
2 |
|
|a Conference of the IISS
|n (28th :
|d 1986 :
|c Kyoto, Japan)
|
| 830 |
|
0 |
|a International Institute for Strategic Studies conference papers.
|
| 999 |
|
|
|a MARS
|
| 999 |
f |
f |
|s d54a6215-c424-33e0-8a19-bd47462b9930
|i 02734931-586e-30af-bd77-0c434309f692
|t 0
|
| 952 |
f |
f |
|p ric
|a Texas A&M University
|b Rellis Campus
|c Joint Library Facility
|d Remote Storage
|t 0
|e DS518.1 .E33 1987
|h Library of Congress classification
|i unmediated -- volume
|m A14811485294
|
| 998 |
f |
f |
|a DS518.1 .E33 1987
|t 0
|l Remote Storage
|